000 01790nam a2200421 i 4500
001 34949
003 FlNmELB
005 20241216221310.0
006 m o d |
007 cr cnu||||||||
008 141113s2010 sp a ob 000 0 spa d
020 _a9781413550795 (e-book)
020 _z9788492442140
035 _a(MiAaPQ)EBC3225972
035 _a(Au-PeEL)EBL3225972
035 _a(CaPaEBR)ebr10957951
035 _a(OCoLC)992031681
040 _aFINmELB
_bspa
_erda
_cFINmELB
050 4 _aHE305
_b.L832 2010
082 0 _a388.4
_223
245 0 0 _aLog{acute}istica urbana :
_bciudad y mercanc{acute}ias /
_cInstitut Cerda ; [edici{acute}on: Sandra Mart{acute}inez].
264 1 _aBarcelona :
_bMarge Books,
_c[2010]
300 _a1 recurso en l{acute}inea (160 p{acute}aginas) :
_bilustraciones
336 _atexto
_btxt
_2rdacontent/spa
337 _acomputadora
_bc
_2rdamedia/spa
338 _arecurso en l{acute}inea
_bcr
_2rdacarrier/spa
490 1 _aBiblioteca de log{acute}istica
504 _aContiene bibliograf{acute}ia: p{acute}aginas [157]-160. Glosario.
588 _aDescripci{acute}on basada en recurso en l{acute}inea; T{acute}itulo de la p{acute}agina del t{acute}itulo en PDF (e-libro, visto November 13, 2014).
590 _aRecurso electr{acute}onico. Santa Fe, Arg.: e-libro, 2015. Disponible v{acute}ia World Wide Web. El acceso puede estar limitado para las bibliotecas afiliadas a e-libro.
650 0 _aUrban transportation
_xPlanning.
650 4 _aTransporte urbano
_xPlanificaci{acute}on.
655 4 _aLibros electr{acute}onicos.
700 1 _aMart{acute}inez, Sandra,
_eeditor.
797 2 _ae-libro, Corp.
830 0 _aBiblioteca de log{acute}istica.
856 4 0 _uhttps://elibro.net/ereader/politecnicointernacional/59295
999 _c34949
_d34949